[Event "USA tt"]
[Site "ICC INT"]
[Date "2012.10.31"]
[Round "9"]
[White "Romanenko, Vladimir"]
[Black "Huschenbeth, Niclas"]
[Result "1/2-1/2"]
[WhiteElo "2486"]
[BlackElo "2536"]
[PlyCount "59"]
[EventDate "2012.09.04"]
[EventType "team-tourn"]
[EventRounds "10"]
[EventCountry "USA"]
[SourceTitle "EXT 2013"]
[Source "ChessBase"]
[SourceDate "2012.11.22"]
[SourceVersion "1"]
[SourceVersionDate "2012.11.22"]
[SourceQuality "1"]
[WhiteTeam "Manhattan"]
[BlackTeam "Baltimore"]
[WhiteTeamCountry "USA"]
[BlackTeamCountry "USA"]

1. e4 c5 2. Nf3 d6 3. d4 cxd4 4. Nxd4 Nf6 5. Nc3 a6 6. f3 e5 7. Nb3 Be6 8. Be3 Be7 9. Qd2 0-0 10. 0-0-0 Nbd7 11. g4 b5 12. g5 b4 13. Ne2 Ne8 14. f4 a5 15. f5 Bxb3 16. cxb3 a4 17. f6 axb3 18. fxe7 bxa2 19. exd8Q a1Q+ 20. Kc2 Qa4+ 21. b3 Qa2+ 22. Kc1 Qa1+ 23. Kc2 Qa2+ 24. Kc1 Qa1+ 25. Kc2 Qa2+ 26. Kc1 Qa1+ 27. Kc2 Qa2+ 28. Kc1 Qa1+ 29. Kc2 Qa2+ 30. Kc1 1/2-1/2

[Event "World op 40th"]
[Site "Philadelphia"]
[Date "2012.07.08"]
[Round "9"]
[White "Friedel, Joshua E"]
[Black "Romanenko, Vladimir"]
[Result "1/2-1/2"]
[WhiteElo "2503"]
[BlackElo "2463"]
[PlyCount "58"]
[EventDate "2012.07.03"]
[EventType "swiss"]
[EventRounds "9"]
[EventCountry "USA"]
[SourceTitle "CBM 149 Extra"]
[Source "ChessBase"]
[SourceDate "2012.08.24"]
[SourceVersion "1"]
[SourceVersionDate "2012.08.24"]
[SourceQuality "1"]

1. e4 c5 2. Nf3 Nc6 3. d4 cxd4 4. Nxd4 Nf6 5. Nc3 d6 6. Bg5 e6 7. Qd2 a6 8. 0-0-0 Bd7 9. f4 b5 10. Bxf6 gxf6 11. Nxc6 Bxc6 12. Qe1 Be7 13. Bd3 Rg8 14. f5 Qa5 15. fxe6 fxe6 16. Kb1 h5 17. Qe3 b4 18. Ne2 Qc5 19. Qf3 Qe5 20. Rhe1 Rg4 21. Qf2 Qc5 22. Qf1 a5 23. Nf4 Qe5 24. g3 a4 25. Bc4 Bd7 26. Nd3 Qa5 27. Nf4 Qe5 28. Nd3 Qa5 29. Nf4 Qe5 1/2-1/2

[Event "World op 40th"]
[Site "Philadelphia"]
[Date "2012.07.06"]
[Round "4"]
[White "Romanenko, Vladimir"]
[Black "So, Wesley"]
[Result "1/2-1/2"]
[WhiteElo "2463"]
[BlackElo "2650"]
[PlyCount "51"]
[EventDate "2012.07.03"]
[EventType "swiss"]
[EventRounds "9"]
[EventCountry "USA"]
[SourceTitle "CBM 149 Extra"]
[Source "ChessBase"]
[SourceDate "2012.08.24"]
[SourceVersion "1"]
[SourceVersionDate "2012.08.24"]
[SourceQuality "1"]

1. e4 e6 2. d4 d5 3. Nd2 c5 4. Ngf3 cxd4 5. exd5 Qxd5 6. Bc4 Qd6 7. 0-0 Nf6 8. Nb3 Nc6 9. Nbxd4 Nxd4 10. Nxd4 g6 11. c3 Qc7 12. Bd3 Bd6 13. h3 0-0 14. Bg5 Nd7 15. Qe2 Nc5 16. Bc2 Re8 17. Rad1 Bf8 18. Rfe1 e5 19. Bf4 f6 20. Bg3 Bd7 21. Qc4+ Ne6 22. Qd5 Qc8 23. Nf5 Bb5 24. Qe4 Ng5 25. Qh4 Bd7 26. Ne3 1/2-1/2

[Event "World op 40th"]
[Site "Philadelphia"]
[Date "2012.07.06"]
[Round "5"]
[White "Shankland, Samuel L"]
[Black "Romanenko, Vladimir"]
[Result "1/2-1/2"]
[WhiteElo "2579"]
[BlackElo "2463"]
[PlyCount "108"]
[EventDate "2012.07.03"]
[EventType "swiss"]
[EventRounds "9"]
[EventCountry "USA"]
[SourceTitle "CBM 149 Extra"]
[Source "ChessBase"]
[SourceDate "2012.08.24"]
[SourceVersion "1"]
[SourceVersionDate "2012.08.24"]
[SourceQuality "1"]

1. d4 Nf6 2. c4 e6 3. Nc3 Bb4 4. Nf3 b6 5. e3 Bb7 6. Bd3 0-0 7. 0-0 c5 8. Na4 cxd4 9. a3 Be7 10. exd4 d5 11. c5 Nbd7 12. b4 Ne4 13. Bb2 Rc8 14. Rc1 f5 15. Bb5 Rc7 16. Qe2 Bf6 17. Bxd7 Qxd7 18. b5 Bc8 19. cxb6 axb6 20. Nxb6 Qd6 21. Rxc7 Qxc7 22. Nxc8 Rxc8 23. a4 Qa5 24. Ra1 Rc4 25. Qe1 Qb6 26. Qd1 Qa5 27. h4 g6 28. Qe1 Qb6 29. Bc1 Bxd4 30. Nxd4 Qxd4 31. Be3 Qe5 32. b6 Nc3 33. b7 Rb4 34. Rc1 d4 35. Bxd4 Qxd4 36. Qxc3 Qxc3 37. Rxc3 Rxb7 38. Ra3 Ra7 39. a5 Kf7 40. f4 e5 41. fxe5 Ra6 42. Kf2 Ke6 43. Ke3 Kxe5 44. Kd3 Kd5 45. Kc3 Kc5 46. g3 h6 47. h5 gxh5 48. Kd2 Kb4 49. Ra1 Rxa5 50. Rxa5 Kxa5 51. Ke3 Kb5 52. Kf4 Kc5 53. Kxf5 Kd5 54. Kg6 Ke4 1/2-1/2

[Event "Continental Class-ch"]
[Site "Arlington"]
[Date "2011.10.09"]
[Round "6"]
[White "Meyer, John C"]
[Black "Romanenko, Vladimir"]
[Result "0-1"]
[WhiteElo "2284"]
[BlackElo "2471"]
[PlyCount "102"]
[EventDate "2011.10.06"]
[EventType "swiss"]
[EventRounds "9"]
[EventCountry "USA"]
[SourceTitle "CBM 144 Extra"]
[Source "ChessBase"]
[SourceDate "2011.10.28"]
[SourceVersion "1"]
[SourceVersionDate "2011.10.28"]
[SourceQuality "1"]

1. d4 Nf6 2. c4 e6 3. Nf3 b6 4. g3 Bb7 5. Bg2 Be7 6. 0-0 0-0 7. Nc3 Ne4 8. Qc2 Nxc3 9. Qxc3 f5 10. Be3 Bf6 11. Qd2 Be4 12. Bg5 h6 13. Bxf6 Qxf6 14. Ne1 Bxg2 15. Nxg2 Nc6 16. Rad1 Nd8 17. f4 Nf7 18. c5 Rfd8 19. Qc3 bxc5 20. Qxc5 Rdc8 21. Ne1 Nd6 22. Nf3 Ne4 23. Qc2 c6 24. e3 c5 25. d5 Rab8 26. Ne5 d6 27. Nc4 Qf7 28. dxe6 Qxe6 29. b3 d5 30. Ne5 c4 31. bxc4 dxc4 32. Rd4 c3 33. g4 Rb2 34. gxf5 Qxe5 35. fxe5 Rxc2 36. Rxe4 Rxa2 37. Rc1 a5 38. Rd4 Rb2 39. e6 Kf8 40. Ra4 c2 41. Raa1 Rc5 42. Kf2 Rxf5+ 43. Ke2 Ke7 44. Kd3 Rf2 45. Rxa5 Rb3+ 46. Ke4 Rb1 47. Ra1 Rxa1 48. Rxa1 Rxh2 49. Ke5 Rh5+ 50. Kd4 Kxe6 51. Ra6+ Kd7 0-1

[Event "Philadelphia op"]
[Site "Philadelphia"]
[Date "2010.04.04"]
[Round "8"]
[White "Shankland, Samuel L"]
[Black "Romanenko, Vladimir"]
[Result "1-0"]
[WhiteElo "2486"]
[BlackElo "2499"]
[PlyCount "47"]
[EventDate "2010.03.31"]
[EventType "swiss"]
[EventRounds "9"]
[EventCountry "USA"]
[SourceTitle "CBM 135 Extra"]
[Source "ChessBase"]
[SourceDate "2010.05.04"]
[SourceVersion "1"]
[SourceVersionDate "2010.05.04"]
[SourceQuality "1"]

1. e4 c5 2. Nf3 d6 3. d4 cxd4 4. Nxd4 Nf6 5. Nc3 a6 6. Be3 e5 7. Nb3 Be6 8. Qd2 Qc7 9. f4 Be7 10. f5 Bc4 11. 0-0-0 Nbd7 12. g4 Nxg4 13. Rg1 Nxe3 14. Qxe3 Rc8 15. Rxg7 h6 16. Kb1 Bg5 17. Qh3 Qd8 18. Bxc4 Rxc4 19. Rxd6 Qe7 20. Rxd7 Qxd7 21. Rxg5 Rc6 22. Rg1 Rd6 23. Nd5 Qa4 24. Qc3 1-0

[Event "Philadelphia op"]
[Site "Philadelphia"]
[Date "2010.04.03"]
[Round "7"]
[White "Romanenko, Vladimir"]
[Black "Kamsky, Gata"]
[Result "0-1"]
[WhiteElo "2499"]
[BlackElo "2702"]
[PlyCount "102"]
[EventDate "2010.03.31"]
[EventType "swiss"]
[EventRounds "9"]
[EventCountry "USA"]
[SourceTitle "CBM 135 Extra"]
[Source "ChessBase"]
[SourceDate "2010.05.04"]
[SourceVersion "1"]
[SourceVersionDate "2010.05.04"]
[SourceQuality "1"]

1. d4 d5 2. c4 c6 3. Nc3 Nf6 4. cxd5 cxd5 5. Nf3 Qb6 6. Na4 Qc7 7. g3 Nc6 8. Bf4 Qa5+ 9. Bd2 Qd8 10. Bg2 Bf5 11. Qb3 Rb8 12. 0-0 e6 13. Bf4 Bd6 14. Bxd6 Qxd6 15. e3 0-0 16. Nh4 Bg4 17. Bf3 h5 18. Nc3 g5 19. Bxg4 hxg4 20. Ng2 b5 21. Rac1 b4 22. Na4 Ne4 23. Qd1 f5 24. f3 gxf3 25. Qxf3 e5 26. Nc5 exd4 27. Qh5 Rf6 28. Nxe4 fxe4 29. Rxf6 Qxf6 30. Rxc6 Qxc6 31. Qxg5+ Kf7 32. Qf4+ Ke6 33. Qxb8 Qc1+ 34. Kf2 Qd2+ 35. Kf1 Qc1+ 36. Ne1 Qc4+ 37. Kg1 d3 38. Ng2 Qc1+ 39. Kf2 Qxb2+ 40. Kg1 Qa1+ 41. Kf2 Qxa2+ 42. Kg1 d2 43. Nf4+ Kd7 44. Qb7+ Kd6 45. Qb8+ Kc6 46. Qc8+ Kb6 47. Qb8+ Ka6 48. Qc8+ Ka5 49. Qc7+ Ka4 50. Qd7+ Ka3 51. Qxa7+ Kb3 0-1

[Event "Chigorin Memorial 17th"]
[Site "St Petersburg"]
[Date "2009.10.20"]
[Round "5"]
[White "Lysyj, Igor"]
[Black "Romanenko, Vladimir"]
[Result "1/2-1/2"]
[WhiteElo "2612"]
[BlackElo "2505"]
[PlyCount "53"]
[EventDate "2009.10.16"]
[EventType "swiss"]
[EventRounds "9"]
[EventCountry "RUS"]
[SourceTitle "CBM 132 Extra"]
[Source "ChessBase"]
[SourceDate "2009.11.03"]
[SourceVersion "1"]
[SourceVersionDate "2009.11.03"]
[SourceQuality "1"]

1. d4 Nf6 2. c4 e6 3. Nf3 b6 4. g3 Bb7 5. Bg2 Bb4+ 6. Nbd2 0-0 7. 0-0 Bxd2 8. Qxd2 d6 9. b3 Nbd7 10. Bb2 Qe7 11. Rfe1 Rad8 12. Rad1 h6 13. Qc2 Be4 14. Qc1 Rfe8 15. Bh3 c5 16. dxc5 Nxc5 17. b4 Ncd7 18. Qf4 Rc8 19. Nd2 Bb7 20. e4 Ne5 21. Bf1 Nfg4 22. Bxe5 Nxe5 23. Qe3 Rc7 24. f4 Ng4 25. Qe2 Nf6 26. a3 e5 27. f5 1/2-1/2

[Event "Muhamedzjanov Memorial 6th"]
[Site "Nabereznye Chelny"]
[Date "2009.05.27"]
[Round "9"]
[White "Kupreichik, Viktor D"]
[Black "Romanenko, Vladimir"]
[Result "1/2-1/2"]
[WhiteElo "2453"]
[BlackElo "2490"]
[PlyCount "23"]
[EventDate "2009.05.21"]
[EventType "tourn"]
[EventRounds "10"]
[EventCountry "RUS"]
[SourceTitle "EXT 2010"]
[Source "ChessBase"]
[SourceDate "2010.11.25"]
[SourceVersion "1"]
[SourceVersionDate "2010.11.25"]
[SourceQuality "1"]

1. d4 Nf6 2. Nc3 d5 3. Bg5 Nbd7 4. Nf3 e6 5. e3 c5 6. Be2 Qb6 7. 0-0 Be7 8. Na4 Qa5 9. Nxc5 Nxc5 10. dxc5 Qxc5 11. Rc1 b5 12. Qd4 1/2-1/2

[Event "Muhamedzjanov Memorial 6th"]
[Site "Nabereznye Chelny"]
[Date "2009.05.23"]
[Round "4"]
[White "Romanenko, Vladimir"]
[Black "Kupreichik, Viktor D"]
[Result "1/2-1/2"]
[WhiteElo "2490"]
[BlackElo "2453"]
[PlyCount "43"]
[EventDate "2009.05.21"]
[EventType "tourn"]
[EventRounds "10"]
[EventCountry "RUS"]
[SourceTitle "EXT 2010"]
[Source "ChessBase"]
[SourceDate "2010.11.25"]
[SourceVersion "1"]
[SourceVersionDate "2010.11.25"]
[SourceQuality "1"]

1. c4 Nf6 2. Nc3 c5 3. g3 Nc6 4. Bg2 g6 5. d3 Bg7 6. Nf3 d5 7. 0-0 0-0 8. Nd2 Be6 9. cxd5 Nxd5 10. Nde4 Nxc3 11. Nxc3 Qd7 12. Qa4 Rac8 13. Be3 b6 14. Rfd1 Nd4 15. Qxd7 Bxd7 16. Rac1 Bc6 17. Bxc6 Rxc6 18. b3 Rd8 19. Kf1 Nf5 20. Bd2 Nd4 21. Be3 Nf5 22. Bd2 1/2-1/2

[Event "BLR-ch"]
[Site "Minsk"]
[Date "2009.01.17"]
[Round "5"]
[White "Romanenko, Vladimir"]
[Black "Tihonov, Jurij"]
[Result "1-0"]
[WhiteElo "2478"]
[BlackElo "2460"]
[PlyCount "57"]
[EventDate "2009.01.13"]
[EventType "tourn"]
[EventRounds "9"]
[EventCountry "BLR"]
[EventCategory "10"]
[SourceTitle "CBM 128 Extra"]
[Source "ChessBase"]
[SourceDate "2009.03.05"]
[SourceVersion "2"]
[SourceVersionDate "2009.03.25"]
[SourceQuality "1"]

1. e4 c5 2. Nf3 d6 3. d4 cxd4 4. Nxd4 Nf6 5. Nc3 a6 6. f3 e5 7. Nb3 Be6 8. Be3 Be7 9. Qd2 0-0 10. 0-0-0 Nbd7 11. g4 b5 12. g5 b4 13. Ne2 Ne8 14. f4 a5 15. f5 Bxb3 16. cxb3 a4 17. bxa4 Rxa4 18. f6 gxf6 19. Kb1 fxg5 20. Rg1 Qa8 21. Nc1 Qxe4+ 22. Bd3 Qh4 23. Bb5 Nc5 24. Bxc5 Ra5 25. Bf2 Qxh2 26. Bd3 f5 27. Qxb4 Qxf2 28. Qxa5 Ng7 29. Qc7 1-0

[Event "BLR-ch"]
[Site "Minsk"]
[Date "2008.01.18"]
[Round "9"]
[White "Romanenko, Vladimir"]
[Black "Azarov, Sergei Nikolaevich"]
[Result "1/2-1/2"]
[WhiteElo "2460"]
[BlackElo "2594"]
[PlyCount "57"]
[EventDate "2008.01.10"]
[EventType "tourn"]
[EventRounds "13"]
[EventCountry "BLR"]
[EventCategory "9"]
[SourceTitle "CBM 122 Extra"]
[Source "ChessBase"]
[SourceDate "2008.03.04"]
[SourceVersion "1"]
[SourceVersionDate "2008.03.04"]
[SourceQuality "1"]

1. e4 c5 2. Nf3 d6 3. d4 cxd4 4. Nxd4 Nf6 5. Nc3 g6 6. Be2 Bg7 7. 0-0 Nc6 8. Be3 0-0 9. Nb3 a6 10. f4 b5 11. Bf3 Bb7 12. a3 e6 13. Qd2 Qc7 14. Rad1 Rad8 15. Qf2 Qb8 16. Kh1 Rfe8 17. Bb6 Rc8 18. Rfe1 Ba8 19. Be3 Rcd8 20. Bb6 Rd7 21. Na5 Nxa5 22. Bxa5 Rc8 23. Rd3 d5 24. e5 Ne8 25. Bb6 Rc4 26. Bd4 Qc8 27. Bd1 Bf8 28. Ne2 Ng7 29. g4 1/2-1/2